000 00480nam a2200157 4500
001 143395
003 ES-MaACL
005 20230906200811.0
007 t|
008 070214s1967 sp r ||||1| spa d
100 1 _aSerrano-Plaja, Arturo.
_9105788
245 1 3 _aEl arte comprometido y el compromiso del arte
_b: ; y otros ensayos /
_cArturo Serrano-Plaja.
260 _aBarcelona :
_bDelos-Aymá,
_c1967.
300 _a140 p. ;
_c19 cm.
852 _aES-MaACL
_jC-35493
_bR.66268
999 _c143395
_d143395